000 00430nam a2200181Ia 4500
001 7555
005 20260306160504.0
008 260306t2016||||xx |||||||||||||| ||spa||
041 _aESP
082 _a351
_bA32
100 _aAguilar Villanueva, Luis F.
_eAUT
245 0 _aGobernanza y gestión pública
260 _c2016
300 _a500 páginas :
_c23 cm.
650 _aGEN
654 _aCAN
942 _cLIB
_dJUS
_fJUS
_2ddc
_n
999 _c7555
_d7555